American Literature Titles Match-Up Quiz Stats

 Plays Quiz Updated Feb 9, 2015

Challenge
Share
Tweet
Score 0/40 Timer 05:00
6 Plays Today
% Correct
To Kill a
98.8%
The Great
98.6%
Moby
97.7%
The Last of the
96.8%
Catch
96.6%
Uncle Tom's
95.9%
The Scarlet
95.7%
Cat on a
94.9%
East of
94.5%
I Know Why the
93.8%
The Sun
91.6%
Rip
90.8%
The House on
90%
Cat's
88.6%
Their Eyes
87.2%
The Red
85.9%
A Good Man
84.5%
A Raisin in the
84.3%
The Glass
83.4%
The Tell-Tale
81.7%
% Correct
The Joy
81.6%
Song of
78.8%
The Bell
78.1%
The Things
76.7%
On the
76.3%
Leaves of
67.8%
The Bluest
64.5%
Looking
62.9%
The Brief
62.7%
A Dream
62.1%
Daisy
60.9%
Bel
58.4%
Portnoy's
57.7%
Up from
55.2%
Infinite
52.4%
Slouching Towards
52.3%
Interpreter of
49.3%
Light in
49.1%
Gravity's
46.9%
Blood
41.8%

You're not logged in!

Compare scores with friends on all Sporcle quizzes.
Join for Free
OR
Log In

You Might Also Like...

Show Comments

Extras

Top Quizzes Today


Score Distribution

Your Account Isn't Verified!

In order to create a playlist on Sporcle, you need to verify the email address you used during registration. Go to your Sporcle Settings to finish the process.

Report this User

Report this user for behavior that violates our Community Guidelines.

Details: